Alle Parteien Nordmazedoniens - Statistiken

Allgemein
  • Dieses Quiz wurde 6 mal gespielt
  • Das Durchschnittsergebnis liegt bei 2 aus 22
Antwortstatistiken
Partei % Korrekt
Bashkimi Demokratik për Integrim
67%
Aleanca për Shqiptarët
33%
Demokratski sojuz
33%
Levica
33%
Socijaldemokratski sojuz na Makedonija
33%
Vnatrešna makedonska revolucionerna organizacija – Demokratska partija za makedonsko nacionalno edinstvo
33%
Alternativa
0%
Demokratska Obnova na Makedonija
0%
Demokratska partija Srba u Makedoniju
0%
Građanska opcija za Makedonija
0%
Lëvizja Besa
0%
Liberalno-demokratska partija
0%
Makedonya Türk Demokratik Partisi
0%
Makedonya Türk Hareket Partisi
0%
Nova socijaldemokratska partija
0%
Partia Demokratike Shqiptare
0%
Partija na obedineti demokrati na Makedonija
0%
Partija na obedineti penzioneri i građani na Makedoniјa
0%
Romi obedineti od Makedonija
0%
Socijalistička partija na Makedonija
0%
Srpska stranka u Makedoniji
0%
Vnatrešna makedonska revolucionerna organizacija – Narodna partija
0%
Keine übereinstimmenden Quizze gefunden
Verteilung der Resultate
Anzahl Personen mit jedem Resultat
Perzentil nach korrekt beantworteten Fragen
Ihre Resultats-Entwicklung
Sie haben dieses Quiz noch nicht gespielt